Stations du tramway de Saint-Étienne sur une carte - Statistiques

Statistiques générales
  • Ce quiz a été pris 564 fois
    199 depuis la dernière actualisation
  • Le résultat moyen est 22 sur 39
Réponses sur la Carte
Les réponses sont colorées sur une échelle allant du rouge au vert en fonction du pourcentage des utilisateurs qui les ont devinées à leur premier essai. Vous pouvez retrouver ces pourcentages ci-dessous.
 
Statistiques - réponses
Ligne Arrêt % Correct
1 Hôpital Nord
91%
1 Bellevue
90%
2 Châteaucreux Gare
90%
1 Hôtel de ville
90%
1 Centre Deux
81%
1 Place Jean Jaurès
81%
1 Solaure
81%
1 Place Carnot
79%
1 Terrasse
75%
1 Cité du Design
74%
1 Campus Tréfilerie
67%
1 Anatole France
65%
1 Peuple Foy
64%
3 Geoffroy Guichard - Musée des Verts
62%
3 Soleil
61%
2 Jean Moulin
59%
2 Square Violette
59%
1 Bourse du Travail
58%
2 Fourneyron
57%
1 Peuple Gambetta
57%
3 Zénith - Comédie
56%
1 Roger Rocher
55%
1 Bicentenaire
49%
2 Dalgabio
48%
2 Peuple Libération
48%
1 Saint-Louis
45%
1 Hôpital Bellevue
44%
1 Grand Gonnet
41%
1 Quartier Grouchy
41%
1 Musée d'Art Moderne
39%
1 Lycée Simone Weil
34%
1 Chaléassière
33%
3 Technopôle - Christian Cabal
33%
1 Rue Barra
32%
1 Cité Agriculture
27%
3 Bardot
25%
1 Parc-Champirol
22%
1 Paul Louis Courier
21%
3 Colonel Marey
17%
Aucun quiz correspondant
Distribution des résultats
% des personnes avec chaque résultat
Percentile par nombre de réponses
Votre historique - résultats
Vous n’avez pas pris ce quiz depuis la dernière actualisation